|
|
|
|
| LEADER |
01261nam a2200337Ia 4500 |
| 001 |
EBC515606 |
| 003 |
MiAaPQ |
| 005 |
20200520144314.0 |
| 006 |
m o d | |
| 007 |
cr cn||||||||| |
| 008 |
851230s2009 msuab sb 001 0 eng d |
| 020 |
|
|
|z 9781604732870
|
| 035 |
|
|
|a (MiAaPQ)EBC515606
|
| 035 |
|
|
|a (Au-PeEL)EBL515606
|
| 035 |
|
|
|a (CaPaEBR)ebr10340760
|
| 035 |
|
|
|a (CaONFJC)MIL248549
|
| 035 |
|
|
|a (OCoLC)472606668
|
| 040 |
|
|
|a MiAaPQ
|c MiAaPQ
|d MiAaPQ
|
| 050 |
|
4 |
|a HD9757.M7
|b H5 2009
|
| 100 |
1 |
|
|a Hickman, Nollie.
|
| 245 |
1 |
0 |
|a Mississippi harvest
|h [electronic resource] :
|b lumbering in the longleaf pine belt,1840-1915 /
|c Nollie W. Hickman.
|
| 260 |
|
|
|a Jackson :
|b University Press of Mississippi,
|c 2009.
|
| 300 |
|
|
|a 306 p. :
|b ill., maps.
|
| 504 |
|
|
|a Includes bibliographical references and index.
|
| 533 |
|
|
|a Electronic reproduction. Ann Arbor, MI : ProQuest, 2015. Available via World Wide Web. Access may be limited to ProQuest affiliated libraries.
|
| 650 |
|
0 |
|a Lumber trade
|z Mississippi.
|
| 650 |
|
0 |
|a Lumbering
|z Mississippi.
|
| 650 |
|
0 |
|a Longleaf pine.
|
| 655 |
|
4 |
|a Electronic books.
|
| 710 |
2 |
|
|a ProQuest (Firm)
|
| 856 |
4 |
0 |
|u https://ebookcentral.proquest.com/lib/matrademy/detail.action?docID=515606
|z Click to View
|